Birds by Letter - T - Statistics

General Stats
  • This quiz has been taken 35 times
  • The average score is 12 of 28
Answer Stats
Picture Answer % Correct
Turkey
100%
Toucan
97%
Tit
91%
Tern
79%
Thrush
71%
Teal
65%
Tropicbird
50%
Towhee
47%
Thrasher
41%
Tinamou
41%
Tody
41%
Tragopan
41%
Trogon
41%
Treecreeper
38%
Turaco
38%
Thick-knee
35%
Tanager
32%
Treeswift
32%
Trumpeter
32%
Tattler
29%
Tailorbird
21%
Treepie
18%
Triller
18%
Tyrannulet
18%
Tityra
15%
Topaz
12%
Tinkerbird
9%
Thornbill
6%
No matching quizzes found
Score Distribution
Percent of People with Each Score
Percentile by Number Answered
Your Score History
You have not taken this quiz